2001 Miami Hurricanes - Statistics

General Stats
  • This quiz has been taken 143 times
    140 since last reset
  • The average score is 6 of 24
Answer Stats
Hint Answer % Correct
FS Ed Reed
81%
WR Andre Johnson
70%
QB Ken Dorsey
67%
RB Clinton Portis
56%
LB Jon Vilma
39%
TE Kellen Winslow II
35%
LB D.J. Williams
29%
FB Najeh Davenport
29%
DE Andrew Williams
26%
SS James Lewis
26%
LT Bryant Mckinnie
22%
CB Mike Rumph
19%
WR Daryl Jones
14%
C Brett Romberg
13%
RT Joaquin Gonzalez
12%
CB Phillip Buchanon
8%
Coach Larry Cocker
7%
DE Jerome Mcdougle
6%
LB Chris Campbell
5%
RG Maritn Bilbla
4%
DT WIilliam Joseph
4%
DT Matt Walters
2%
TE Jeremy Shockey
1%
LG Sherko Haji- Rasoluli
0%
No matching quizzes found
Score Distribution
Percent of People with Each Score
Percentile by Number Answered
Your Score History
You have not taken this quiz since the last reset